|
|
|
|
| LEADER |
00000nlm0a2200000 4500 |
| 001 |
191777 |
| 005 |
20231101224357.0 |
| 035 |
|
|
|a (RuTPU)RU\TPU\book\209138
|
| 090 |
|
|
|a 191777
|
| 100 |
|
|
|a 20110211d2009 m y0rusy50 ca
|
| 101 |
0 |
|
|a rus
|
| 102 |
|
|
|a RU
|
| 105 |
|
|
|a a j 001zy
|
| 135 |
|
|
|a drcn ---uucaa
|
| 181 |
|
0 |
|a i
|
| 182 |
|
0 |
|a b
|
| 200 |
1 |
|
|a Немецкий язык для электротехников
|b Электронный ресурс
|e учебное пособие
|f О. А. Галанова, Т. С. Серова
|g Томский политехнический университет (ТПУ)
|
| 203 |
|
|
|a Текст
|c электронный
|
| 210 |
|
|
|a Томск
|c Изд-во ТПУ
|d 2009
|
| 230 |
|
|
|a 1 компьютерный файл (pdf; 4.5 MB)
|
| 300 |
|
|
|a Заглавие с титульного экрана
|
| 333 |
|
|
|a Режим доступа: из корпоративной сети ТПУ
|
| 337 |
|
|
|a Adobe Reader
|
| 488 |
|
1 |
|0 (RuTPU)RU\TPU\book\202622
|t Немецкий язык для электротехников
|o учебное пособие для вузов
|f О. А. Галанова
|g Томский политехнический университет (ТПУ), Институт языковой коммуникации
|c Томск
|n Изд-во ТПУ
|d 2009
|p 134 с.
|s Учебники Томского политехнического университета
|a Галанова, Ольга Александровна
|
| 606 |
1 |
|
|a Немецкий язык
|x Учебные руководства и пособия для вузов
|2 stltpush
|3 (RuTPU)RU\TPU\subj\45394
|9 64636
|
| 610 |
1 |
|
|a лексика
|
| 610 |
1 |
|
|a грамматика
|
| 610 |
1 |
|
|a аудирование
|
| 610 |
1 |
|
|a чтение
|
| 610 |
1 |
|
|a разговорная речь
|
| 610 |
1 |
|
|a тексты
|
| 610 |
1 |
|
|a электротехника
|
| 610 |
1 |
|
|a немецкий язык
|
| 610 |
1 |
|
|a учебные пособия
|
| 610 |
1 |
|
|a труды учёных ТПУ
|
| 610 |
1 |
|
|a электронный ресурс
|
| 686 |
|
|
|a Ш143.24-923
|v LBC/SL-A
|2 rubbk
|
| 700 |
|
1 |
|a Галанова
|b О. А.
|c лингвист
|c доцент Томского политехнического университета
|g Ольга Александровна
|2 stltpush
|3 (RuTPU)RU\TPU\pers\24743
|
| 701 |
|
1 |
|a Серова
|b Т. С.
|g Тамара Сергеевна
|
| 712 |
0 |
2 |
|a Томский политехнический университет (ТПУ)
|c (1991-2009)
|2 stltpush
|3 (RuTPU)RU\TPU\col\376
|
| 801 |
|
1 |
|a RU
|b 63413507
|c 20110211
|
| 801 |
|
2 |
|a RU
|b 63413507
|c 20161130
|g RCR
|
| 856 |
4 |
|
|u http://www.lib.tpu.ru/fulltext2/m/2011/m35.pdf
|
| 942 |
|
|
|c CF
|